00000000nam 2200000zi 4500
0019.921310
003CaOODSP
00520250507143436
006m     o  d f      
007cr cn|||||||||
008230327s2023    onc     ob   f000 0 eng d
020 |a9780660481913
040 |aCaOODSP|beng|erda|cCaOODSP
043 |an-cn---
0861 |aD97-4/10-004-2023E-PDF
24500|aUsing information technology asset management (ITAM) to enhance cyber security.
264 1|a[Ottawa] : |bCommunications Security Establishment = Centre de la sécurité des telecommunications, |c2023.
300 |a1 online resource (1 volume (various pagings)).
336 |atext|btxt|2rdacontent
337 |acomputer|bc|2rdamedia
338 |aonline resource|bcr|2rdacarrier
4901 |aManagement ; |vITSM.10.004
500 |aCover title.
500 |a"Unclassified / Non classifié."
500 |a"Canadian Centre for Cyber Security."
500 |aIssued also in French under title: Utilisation de la gestion des biens de technologies de l’information (GBTI) pour renforcer la cybersécurité.
504 |aIncludes bibliographical references (pages 27-28).
650 0|aInformation technology|zCanada|xManagement.
7102 |aCanadian Centre for Cyber Security, |eissuing body.
77508|tUtilisation de la gestion des biens de technologies de l’information (GBTI) pour renforcer la cybersécurité.|w(CaOODSP)9.921309
830#0|aManagement series (Communications Security Establishment (Canada))|vITSM.10.004.|w(CaOODSP)9.842856
85640|qPDF|s704 KB|uhttps://publications.gc.ca/collections/collection_2023/cstc-csec/D97-4-10-004-2023-eng.pdf